| Поле | Инд. | ПП | Название | Значение |
|---|---|---|---|---|
| Тип записи | a | |||
| Библиографический уровень | m | |||
| 001 | Контрольный номер | 0e5a1fad-a983-4b18-8b3e-a78aa5d6fcfa | ||
| 005 | Дата корректировки | 20131029163717.2 | ||
| 008 | Кодируемые данные | 001213 d | ||
| 020 | a | ISBN | 5-85880-340-7 | |
| c | Цена, тираж | 40.00 | ||
| 040 | a | Служба первич. каталог. | НБ ТвГУ | |
| 041 | a | Код языка текста | rus | |
| 080 | a | Индекс УДК | 343.2/.7(470)(094.4) | |
| 084 | a | Индекс другой классификации/Индекс ББК | Х628.10-324 | |
| 090 | x | Авторский знак | К63 | |
| a | Полочн. индекс | Х628.1 | ||
| 245 | 00 | a | Заглавие | Комментарий к Уголовному Кодексу Российской Федерации |
| c | Ответственность | [Авт.: Беляев В. Г., Бойко А. И., Волженкин Б. В. и др.]; Отв. ред. А. И. Бойко | ||
| 260 | 0_ | a | Место издания | Ростов н/Д |
| b | Издательство | Феникс; М. : Зевс; Ростов н/Д : Сорока | ||
| c | Дата издания | 1996 | ||
| 300 | a | Объем | 734 с. | |
| 504 | a | Библиография | Постатейно-терминол. указ.: с.706-720. | |
| 583 | a | Действие | Получение впервые 350 01.11.2000 | |
| k | Исполнитель действия | Дар Храпкова С.В. | ||
| 650 | a | Основная рубрика | Уголовное право | |
| x | Основная подрубрика | Законодательство | ||
| z | Географическая подрубрика | Российская Федерация | ||
| 653 | a | Ключевые слова | Уголовный кодекс России | |
| a | Ключевые слова | Уголовное законодательство России | ||
| a | Ключевые слова | Законы | ||
| a | Ключевые слова | Кодексы | ||
| a | Ключевые слова | Комментарии | ||
| 700 | 1_ | a | Другие авторы | Беляев В. Г. |
| e | Роль лиц | авт. | ||
| 700 | 1_ | a | Другие авторы | Волженкин Б. В. |
| e | Роль лиц | авт. | ||
| 700 | 1_ | a | Другие авторы | Бойко А. И. |
| e | Роль лиц | авт., ред. | ||
| 700 | 1_ | a | Другие авторы | Иванов В. Д. |
| e | Роль лиц | авт. | ||
| 700 | 1_ | a | Другие авторы | Ковалев М. И. |
| e | Роль лиц | авт. | ||
| 700 | 1_ | a | Другие авторы | Козаченко И. Я. |
| e | Роль лиц | авт. | ||
| 700 | 1_ | a | Другие авторы | Кругликов Л. Л. |
| e | Роль лиц | авт. | ||
| 852 | t | Порядковый номер экземпляра | 1 | |
| p | Инвентарный номер | 727721 | ||
| 888 | a | Бесплатные | ||
| 930 | a | Новая/Ретро | кодексы | |
| a | Новая/Ретро | законы | ||
| a | Новая/Ретро | комментарии | ||
| 952 | p | 350.2000 40.00 1 727721 | ||
| c | Вид литературы | К рн | ||
| 954 | a | Дата поступления на обработку | 20001110 | |
| 999 | a | Подразделение 2 | Фил1 |